Anteproyecto de rehabilitación para la casa Alianza en la ciudad de Managua
Presenta anteproyecto de un centro de rehabilitación con capacidad de atención a 130 adolescentes en situación de riesgos para casa Alianza, Nicaragua, para el año 2014.
| Main Authors: | , |
|---|---|
| Other Authors: | |
| Format: | Tesis Section = Libro |
| Language: | Undetermined Spanish |
| Published: |
Managua
UNI
2013
|
| Subjects: |
| LEADER | 00986nam a2200253Ia 4500 | ||
|---|---|---|---|
| 008 | 240830s9999 xx 000 0 und d | ||
| 040 | |a BIBLIOTECA-RUSB/ Mon 725.5 C355 | ||
| 041 | |a spa | ||
| 082 | |a Mon 725.5 C355 | ||
| 100 | 1 | |a Castro Mercado, Marcela Margarita | |
| 100 | 1 | |b Espinoza Sweilh, Nour Gabriela | |
| 245 | 1 | 0 | |a Anteproyecto de rehabilitación para la casa Alianza en la ciudad de Managua |
| 260 | |a Managua |b UNI |c 2013 | ||
| 300 | |a 104 p. :il. | ||
| 500 | |a Contiene: anexos e Incluye: CD. | ||
| 502 | |a Tesis (Arquitecto) - UNI, 2013. | ||
| 520 | 3 | |a Presenta anteproyecto de un centro de rehabilitación con capacidad de atención a 130 adolescentes en situación de riesgos para casa Alianza, Nicaragua, para el año 2014. | |
| 650 | 7 | |a CENTROS DE REHABILITACION | |
| 650 | 7 | |b CENTRO DE ASISTENCIA SOCIAL | |
| 650 | 7 | |c ARQUITECTURA DISEÑOS Y PLANOS | |
| 700 | 1 | |a Tutor: |b Herrera Montenegro, Juan Francisco | |
| 942 | |c BK |2 ddc | ||
| 991 | |a TESIS | ||
| 999 | |c 21247 | ||